Nursing Foundation - I (Record no. 142521)
[ view plain ]
| 000 -LEADER | |
|---|---|
| fixed length control field | 00396nam a2200157Ia 4500 |
| 008 - FIXED-LENGTH DATA ELEMENTS--GENERAL INFORMATION | |
| fixed length control field | 230314s9999 xx 000 0 und d |
| 020 ## - INTERNATIONAL STANDARD BOOK NUMBER | |
| International Standard Book Number | 978-93-5465-461-9 |
| 041 ## - LANGUAGE CODE | |
| Language code of text/sound track or separate title | eng |
| 082 ## - DEWEY DECIMAL CLASSIFICATION NUMBER | |
| Classification number | F/610.73/CLE/B09851 |
| 100 ## - MAIN ENTRY--PERSONAL NAME | |
| Personal name | Clement I |
| 9 (RLIN) | 119826 |
| 245 ## - TITLE STATEMENT | |
| Title | Nursing Foundation - I |
| 260 ## - PUBLICATION, DISTRIBUTION, ETC. (IMPRINT) | |
| Name of publisher, distributor, etc. | Jaypee Brothers |
| Place of publication, distribution, etc. | New Delhi |
| Date of publication, distribution, etc. | 2022 |
| 300 ## - PHYSICAL DESCRIPTION | |
| Extent | 572p |
| 906 ## - LOCAL DATA ELEMENT F, LDF (RLIN) | |
| b | BSC |
| Withdrawn status | Lost status | Damaged status | Not for loan | Collection code | Home library | Current library | Date acquired | Vendor | Cost, normal purchase price | Bill number | Total Checkouts | Total Renewals | Full call number | Barcode | Date last seen | Date last checked out | Cost, replacement price | Bill Date | Koha item type | Original Barcode |
|---|---|---|---|---|---|---|---|---|---|---|---|---|---|---|---|---|---|---|---|---|
| Smt. Bakul Tambat Institute of Nursing Education | Smt. Bakul Tambat Institute of Nursing Education | 17/12/2022 | Patil Medical Book House | 950.00 | 7413 | 17 | 6 | F 910.73 CLE B09852 | BTIN-BK-9852 | 23/12/2024 | 16/12/2024 | 646.00 | 15/12/2022 | Books | B09852 | |||||
| Smt. Bakul Tambat Institute of Nursing Education | Smt. Bakul Tambat Institute of Nursing Education | 17/12/2022 | Patil Medical Book House | 950.00 | 7413 | 24 | 8 | F 610.73 CLE B09853 | BTIN-BK-9853 | 17/01/2026 | 07/01/2026 | 646.00 | 15/12/2022 | Books | B09853 | |||||
| Smt. Bakul Tambat Institute of Nursing Education | Smt. Bakul Tambat Institute of Nursing Education | 17/12/2022 | Patil Medical Book House | 950.00 | 7413 | 16 | 9 | F 910.73 CLE B09854 | BTIN-BK-9854 | 06/11/2025 | 29/10/2025 | 646.00 | 15/12/2022 | Books | B09854 | |||||
| Smt. Bakul Tambat Institute of Nursing Education | Smt. Bakul Tambat Institute of Nursing Education | 17/12/2022 | Patil Medical Book House | 950.00 | 7413 | 21 | 11 | F 610.73 CLE B09855 | BTIN-BK-9855 | 31/12/2025 | 30/12/2025 | 646.00 | 15/12/2022 | Books | B09855 |